000 00677nam a2200289Ia 4500
005 20260324140552.0
008 008 260324s9999 xx 000 0 eng d
020 _a9780203362440
037 _aEBOOK
040 _aCRL
040 _beng
040 _cCRL
041 _2eng
041 _aeng
084 _qCRL
100 _aDr Angus Mcintosh; Angus McIntosh
_91204902
245 0 _aTowns and Cities
245 0 _bCompeting for survival
260 _bTaylor and Francis
260 _c1998
365 _a
365 _b300
856 _uhttp://www.taylorfrancis.com/books/9780203362440
942 _cEBOOK
999 _c1807105
_d1807105